000 01173cam a2200313 ic4500
001 12477340
003 EG-ScBUE
005 20251207102026.0
008 010720s2008 enka f b 001 0 eng d
020 _a9781847351227
035 _a(OCoLC)ocm47124329
040 _aEG-ScBUE
_beng
_erda
_cEG-ScBUE
_dEG-ScBUE
082 0 4 _a547.7046
_222
_bCRO
100 1 _aCrompton, T. R.
_q(Thomas Roy),
_eauthor.
245 1 0 _aCharacterisation of polymers.
_nVolume 1 /
_cT. R. Crompton.
264 1 _aShropshire, UK :
_bSmithers Rapra Technology Limited,
_c2008.
300 _ax, 478 pages :
_billustrations ;
_c25 cm
336 _2rdacontent
_atext
_btxt
337 _aunmediated
_2rdamedia
_bn
338 _avolume
_bnc
_2rdacarrier
500 _aIncludes Appendices.
504 _aIncludes bibliographical references and index.
650 7 _aPolymers
_xAnalysis.
_94694
_2BUEsh
650 7 _aThermal analysis.
_94695
_2BUEsh
655 _vReading book
856 4 1 _3Table of contents only
_uhttp://www.loc.gov/catdir/enhancements/fy0611/2001270008-t.html
856 4 2 _3Publisher description
_uhttp://www.loc.gov/catdir/enhancements/fy0611/2001270008-d.html
942 _2ddc
_cBB
999 _c11520
_d11520